00753nam a22001937a 450000500170000001000170001702000230003403500170005703700180007408200120009210000360010424500680014024600380020826000870024627001000033330000520043365000560048565000180054120110505145232.0 aB-428948-949 a8171192428c150.00 aB-428948-949 bVirtuous Pub. a808.883 aदूधनाथ सिंह aलौट आ, ओ धार /cदूधनाथ सिंह aLot aa, o dharbby Dudhnath Singh aनई दिल्लीbराधाकृष्ण प्रकाशनc1997 a1-बी, नेताजी सुभाष मार्गbनई दिल्लीe110002 a159पृc22 सेमी (सजिल्द) aहिन्दी कथा साहित्य aHindi Novel